• 首页
  • 本馆介绍
  • 公告通知
  • 最新文献
  • 馆藏检索
  • 电子资源
  • 读者导购
  • 参考咨询
  • 我的图书馆
  • 登录
  • 详细信息显示
  • 放入我的书架
  • 预约/预借图书
  • 作者相关作品
  • 分类相关作品
  • 丛书相关作品
  • 出版社相关作品

书目信息

  • 表格格式
  • 工作单格式
  • 卡片格式
题名:
普通图书机读书目数据
    
 
作者: 韦衣昶 著
分册:  
出版信息: 北京   北京图书馆出版社  2003
页数: 567页
开本: 20cm
丛书名:
单 册:
中图分类: G254.364
科图分类:
主题词: 图书--机器可读目录--编目规则--中国 , 图书 , 机器可读目录 , 编目规则
电子资源:
ISBN: 7-5013-2094-2
000 00882nam0 2200265 450
001 1160697593
005 20111005165231.14
010    @a7-5013-2094-2@dCNY35.00
100    @a20030812d2003 em y0chiy50 ea
101 0  @achi
102    @aCN@b110000
105    @ay z 000yy
200 1  @a普通图书机读书目数据@Apu tong tu shu ji du shu mu shu ju@f韦衣昶著
210    @a北京@c北京图书馆出版社@d2003
215    @a567页@d20cm
300    @a福建师范大学陈德仁基金会资助
330    @a本书内容包括文献编目概论,文献著录总论,普通图书著录,普通图书CNMARC数据输入方法,连续出版物著录,并收录了中国机读目录格式字段表等内容。
606 0  @a图书@x机器可读目录@x编目规则@y中国
606 0  @a图书
606 0  @a机器可读目录
606 0  @a编目规则
690    @aG254.364@v4
701  0 @a韦衣昶@Awei yi chang@c(文献著录)@4著
801  0 @aCN@bNLC@c20101222
905    @a10447@dG254.364@eJY53
    
    普通图书机读书目数据/韦衣昶著.-北京:北京图书馆出版社,2003
    567页;20cm
    福建师范大学陈德仁基金会资助
    
    ISBN 7-5013-2094-2:CNY35.00
    本书内容包括文献编目概论,文献著录总论,普通图书著录,普通图书CNMARC数据输入方法,连续出版物著录,并收录了中国机读目录格式字段表等内容。
●
相关链接 在E读中查询图书 在五车中查询图书 在当当中查询图书 在豆瓣中查询图书


正题名:普通图书机读书目数据     索取号:G254.364/JY53         预约/预借

序号 登录号 条形码 馆藏地/架位号 状态 备注
1 7814697   278146971   学院路分馆/ [索取号:G254.364/JY53] 在馆    
2 7814698   278146980   学院路分馆/ [索取号:G254.364/JY53] 在馆    
3 7814699   278146999   学院路分馆/ [索取号:G254.364/JY53] 在馆    
4 7814700   278147006   学院路分馆/ [索取号:G254.364/JY53] 在馆    
唐山师范学院图书馆 欢迎您!
大连网信软件有限公司© 版权所有